书目信息 |
| 题名: |
施工企业员工安全培训手册
|
|
| 作者: | 陈锋 主编 | |
| 分册: | ||
| 出版信息: | 北京 中国建筑工业出版社 2006.02 |
|
| 页数: | 146页 | |
| 开本: | 26cm | |
| 丛书名: | ||
| 单 册: | ||
| 中图分类: | TU741.4-62 | |
| 科图分类: | ||
| 主题词: | 建筑工程--jian zhu gong cheng--工程施工--安全技术--技术手册 | |
| 电子资源: | ||
| ISBN: | 7-112-08007-X | |
| 000 | 01258nam0 2200217 450 | |
| 001 | 012006558538 | |
| 005 | 20060522102341.21 | |
| 010 | @a7-112-08007-X@dCNY22.00 | |
| 100 | @a20060425d2006 km y0chiy0120 ea | |
| 101 | 0 | @achi |
| 102 | @aCN@b110000 | |
| 105 | @ay z 000yy | |
| 200 | 1 | @a施工企业员工安全培训手册@Ashi gong qi ye yuan gong an quan pei xun shou ce@f陈锋主编@Fchen feng zhu bian |
| 210 | @a北京@c中国建筑工业出版社@d2006.02 | |
| 215 | @a146页@d26cm | |
| 330 | @a作为施工企业,应遵守国际公约和当地法律法规,承诺为受雇人员,提供安全健康的工作环境,不断改善劳动条件,预防工伤事故和职业危害;提供合法劳动保护和适宜的福利待遇。本手册属内部安全培训之用。旨在帮助企业提高雇员的安全意识和唤醒雇员珍惜生命,关注安全。并为雇员的日常安全提供一些可见的帮助。全书共十篇,分别讲述安全生产基础知识,员工在安全生产过程中的权利、义务和法律责任,员工在工作环境中存在的主要危险因素,安全生产条件,法律法规中对建筑施工企业的要求,公司与安全生产相关的规章制度,施工现场各项安全防护措施,公司应急救援预案,案例,安全标志,并附培训考题供检验员工的学习效果。 | |
| 606 | 0 | @a建筑工程@Ajian zhu gong cheng@x工程施工@x安全技术@j技术手册 |
| 690 | @aTU741.4-62@v4 | |
| 701 | 0 | @a陈锋@Achen feng@4主编 |
| 801 | 0 | @aCN@bQSSK@c20060522 |
| 905 | @a10447@dTU741.4-62@eC412 | |
| 施工企业员工安全培训手册/陈锋主编.-北京:中国建筑工业出版社,2006.02 |
| 146页;26cm |
| ISBN 7-112-08007-X:CNY22.00 |
| 作为施工企业,应遵守国际公约和当地法律法规,承诺为受雇人员,提供安全健康的工作环境,不断改善劳动条件,预防工伤事故和职业危害;提供合法劳动保护和适宜的福利待遇。本手册属内部安全培训之用。旨在帮助企业提高雇员的安全意识和唤醒雇员珍惜生命,关注安全。并为雇员的日常安全提供一些可见的帮助。全书共十篇,分别讲述安全生产基础知识,员工在安全生产过程中的权利、义务和法律责任,员工在工作环境中存在的主要危险因素,安全生产条件,法律法规中对建筑施工企业的要求,公司与安全生产相关的规章制度,施工现场各项安全防护措施,公司应急救援预案,案例,安全标志,并附培训考题供检验员工的学习效果。 |
| ● |
| 相关链接 |
|
|
|
正题名:施工企业员工安全培训手册
索取号:TU741.4-62/C412
 
预约/预借
| 序号 | 登录号 | 条形码 | 馆藏地/架位号 | 状态 | 备注 |
| 1 | 559265 | 205592651 | 建筑库201/201建筑库 108排8列2层/ [索取号:TU741.4-62/C412] | 在馆 | |
| 2 | 559266 | 205592660 | 建筑库201/201建筑库 108排8列2层/ [索取号:TU741.4-62/C412] | 在馆 | |
| 3 | 559267 | 205592679 | 建筑库201/201建筑库 108排8列2层/ [索取号:TU741.4-62/C412] | 在馆 |